| 000 | 00617nam a2200217Ii 4500 | ||
|---|---|---|---|
| 003 | JO-AjNU | ||
| 008 | 230606s9999||||xx |||||||||||||| ||und|| | ||
| 020 | _a978-81-88458-08-0/81-88458-08-2 | ||
| 040 |
_aJO-AjNU _beng _erda _cJO-AjNU |
||
| 041 | _aeng | ||
| 050 | 1 | 4 | _aTA710.2014 |
| 100 | 3 |
_aUpadhyay, _eauthor _94725 |
|
| 245 | 0 | 0 | _aSoil and Foundation Engineering |
| 250 | _a1 ed | ||
| 264 | 3 | 1 | _aNew Delhi:S.K KATARIA,2014 |
| 300 | _a298p | ||
| 336 |
_atext _btxt _2rdacontent |
||
| 337 |
_aunmediated _bn _2rdamedia |
||
| 338 |
_avolume _bnc _2rdacarrier |
||
| 650 | 4 |
_aSoil and Foundation Engineering _94726 |
|
| 999 |
_aE2448 _c2446 _d2446 |
||